Представление документа в формате MARC21

Поле Инд. ПП Название Значение
Тип записи a
Библиографический уровень m
001 Контрольный номер RU/IS/BASE/345729625
005 Дата корректировки 20140703193309.8
040 a Служба первич. каталог. НБ ТвГУ
b Код языка каталог. rus
e Правила каталог. PSBO
041 0_ a Код языка текста rus
080 a Индекс УДК 81'42(043.3)
084 a Индекс другой классификации/Индекс ББК Ш107я031
090 a Полочн. индекс Ш107
x Авторский знак Г 91
100 1_ a Автор Грушевская Елена Сергеевна
q Полное имя Грушевская Е. С.
245 10 a Заглавие Языковые средства презентации системно-структурной организации события как глобальной категории политического газетного текста
b Продолж. заглавия автореф. дис. ... канд. филол. наук : 10.02.19
c Ответственность ГОУ ВПО "Кубан. гос. ун-т"
260 a Место издания Ставрополь
b Издательство Ставропольский государственный университет
c Дата издания 2010
300 a Объем 21, [1] с.
500 a Примечание На правах рукоп.
504 a Библиография Библиогр. в конце кн. (12 назв.)
653 a Ключевые слова Авторефераты
a Ключевые слова Анализ дискурса
a Ключевые слова Газетная лексика
a Ключевые слова Газетно-публицистический дискурс
a Ключевые слова Газетно-публицистический стиль
a Ключевые слова Газетные тексты
a Ключевые слова Категория "событие" в газетных текстах
a Ключевые слова Лингвистика текста
a Ключевые слова Медиатексты
a Ключевые слова Политическая коммуникация
a Ключевые слова Политические газетные тексты
a Ключевые слова Презентация политических событий
a Ключевые слова Стилистика
a Ключевые слова Языкознание
901 t Тип документа m
920 a Оператор Густ
930 a Новая/Ретро авторефераты
952 c Вид литературы А/Р н
954 a Дата поступления на обработку 20100203